00273 a2200109 450000500170000002000180001708200120003510000130004724500290006026000310008930000430012020250625150437.0 a0-03-022473-X a510 DYK aDYKE, J. aFundamental of Mathetics aNew York,bSaunders,c2010 axxiii, 795p.; ill, figure, tablec26cm